Las Crónicas de Narnia

Saved in:
Bibliographic Details
Main Author: Lewis, C. S (Author)
Format: Book
Language:Spanish
Published: Santiago Andres Bello 1997
Edition:5a. ed
Subjects:
Tags: Add Tag
No Tags, Be the first to tag this record!

MARC

LEADER 00000nam a2200000 a 4500
001 UCH8457
003 CL-VaPUC
005 20220913074551.0
008 091127e19970000CL |||||||||||||||||spa|d
999 |c 338669  |d 338667 
020 |a 9561307413 v.4 
020 |a 9561308304 v.6 
020 |a 9561308320 v.7 
040 |c Pontificia Universidad Católica de Valparaíso 
082 0 4 |a 823  |b LEW  |2 21 
100 |a Lewis, C. S  |e author  |9 328236 
245 1 4 |a Las Crónicas de Narnia 
246 1 3 |a La silla de plata 
246 1 3 |a El sobrino del Mago 
246 1 3 |a La última batalla 
250 |a 5a. ed 
260 |a Santiago  |b Andres Bello  |c 1997 
300 |a v 
500 |a v.4: Libro IV La silla de plata 
500 |a v.6: Libro VI El sobrino del Mago 
500 |a v.7: Libro VII La última batalla 
583 |a last modification  |c 20091127 00:00:00  |k Rodrigo Vera 
650 0 |a Literatura  |9 259151 
650 0 |a Literatura inglesa  |9 312907 
650 0 |a Escritores ingleses  |9 389424 
650 0 |a Cuentos ingleses  |9 265135 
650 0 |a Cuentos infantiles  |9 308044 
650 0 |a Lectura  |9 307634 
650 0 |a Ficción   |9 376687 
651 0 |a Inglaterra  |9 255158 
942 |c BK  |2 ddc 
945 |d 20091127 00:00:00